| 000 | 01285nam a22003497a 4500 | ||
|---|---|---|---|
| 999 |
_c29408 _d29379 |
||
| 003 | EG-ScBUE | ||
| 005 | 20210914134213.0 | ||
| 008 | 210914s2012 ua f 000 0bara d | ||
| 017 | _a2012/7738 | ||
| 020 | _a9789773564276 | ||
| 040 |
_aEG-ScBUE _bara _erda _cEG-ScBUE _dEG-ScBUE |
||
| 041 | 0 |
_aara _aeng |
|
| 043 | _af-ua--- | ||
| 082 | 0 | 4 |
_a741.60963 _bم ن ج _222 |
| 100 | 1 |
_aمنجي، ياسر، _eمؤلف. |
|
| 245 | 1 | 0 |
_aبرنارد رايس : _bالأب المجهول للجرافيك المصري / _cد. ياسر منجي. |
| 246 | 3 | 5 |
_aBernard Rice : _bThe unknown father of Egyptian printmaking |
| 250 | _aالطبعة الأولى. | ||
| 264 | 1 |
_aالجيزة : _bدار هلا للنشر والتوزيع، _c2012. |
|
| 300 |
_a304 صفحة ؛ _c24 سم |
||
| 336 |
_2rdacontent _aنص _btxt |
||
| 337 |
_2rdamedia _aبدون وسيط _bn |
||
| 338 |
_2rdacarrier _aمجلد _bnc |
||
| 541 |
_cDonation ; _aDr. Fatma Hamdy. |
||
| 546 | _aText in Arabic and English language. | ||
| 600 | 1 | 7 |
_aرايس، برنارد. _2BUEsh |
| 650 | 7 |
_aالرسامون المصريون _vتراجم. _2BUEsh |
|
| 650 | 7 |
_aالجرافيكس _xبرامج حاسبات _zمصر. _2BUEsh |
|
| 653 |
_bART _cSeptember2021 |
||
| 655 |
_vReading book _934232 |
||
| 942 | _2ddc | ||